Leader xxxxxxxxxx
001 __ PCLIS00034165
005 __ 20210701172346.0
009 __ |a(CIP)92009865
010 0_ |a957-13-3922-9|b平裝|dNT$230
050 __ |a101474472
100 __ |a20030606d2003 m y0chiy09 e
101 0_ |achi
102 __ |atw
105 __ |aao z 000cd
200 1_ |a永恆的傾訴|f張曼娟作
205 __ |a初版
210 __ |a臺北市|c時報文化|d2003[民92]
215 0_ |a203面|c部分彩圖|d21公分
225 1_ |a張曼娟作品集|v4
260 1_ |a2003
681 __ |a855|b8786
700 _1 |a張|b曼娟|f1961- |4作
801 _0 |atw|bCIP|c20030603|gCCR
801 _1 |atw|bCIP|c20030603|gCCR
801 _2 |atw|b中圖|c20031015|gCCR
801 _1 |atw|b內湖高中|c20040407|gCCR
801 _2 |atw|b內湖高中|c20210701|gCCR
|